Egyéni csúcs és két aranyérem Fugli Csilla két számban is országos bajnokságot nyert, de többet ért számára a besztercebányai csapat-Eb

Bibliographic Details
Main Authors: Mészáros, Károly J., 1955- (Author, Interviewer), Fugli, Csilla, 1988- (Author)
Format: Article
Language:Hungarian
PhysicalDescription:Fotogr.
ISSN:1335-7050
Subjects:

MARC

LEADER 00000nab a2200000 ar4500
001 vtls009624173
003 SK-MaSNL
005 20260318132531.0
008 090703c20090703xo |||||||| 000 b|hun
015 |a SNBRB2009/07  |2 snkbucl 
038 |a SNKBUCL 
040 |a DSZK  |b slo  |c DSZK  |e AACR2 
041 0 |a hun 
044 |a xo  |c SK 
080 |a 796.422.071  |2 2001 
080 |a 796.42/.43.093.1  |x (437.6)  |2 2001 
100 1 |a Mészáros, Károly J.,  |d 1955-  |4 ivr  |4 aut  |9 103301 
245 1 0 |a Egyéni csúcs és két aranyérem  |b Fugli Csilla két számban is országos bajnokságot nyert, de többet ért számára a besztercebányai csapat-Eb  |c J. Mészáros Károly, Fugli Csilla 
300 |b Fotogr. 
600 1 7 |a Fugli, Csilla,  |d 1988-  |2 snkbucl  |9 1077131 
611 2 7 |a Majstrovstvá Slovenska v atletike  |n (62. :  |d 2009 :  |c Dubnica nad Váhom, Slovensko)  |2 snkbucl  |9 1216886 
648 7 |a 2009  |2 snkbucl  |9 320114 
650 0 7 |a atletika  |2 SNKPH  |9 3279 
650 0 7 |a beh  |2 SNKPH  |9 3281 
655 7 |a rozhovory  |2 SNKPH  |9 31831 
700 1 |a Fugli, Csilla,  |d 1988-  |4 ive  |4 aut  |9 1077131 
773 0 |t Új szó  |g Évf. 62, sz. 152 (3.7.2009), o. 22  |x 1335-7050 
852 |a SNK  |b KIS3GCP 
852 |a DSZK  |b KIS3GCP 
957 |a Dubnica nad Váhom (Slovensko) 
958 |a HU 
958 |a SK 
999 |c 2131821  |d 2133751